000 00837nam a2200253Ia 4500
003 OSt
005 20220923225104.0
006 a|||||r|||| 00| 0
007 ta
008 220922b |||||||| |||| 00| 0 hin d
024 _a256,974
037 _cTextual
040 _aARTS
_cARTS
_bhin
041 _2hin
_ahin
082 _aO152,8N54x, N4
100 _aगौतम, राजकुमार
_9156272
245 0 _aअॅंगरेजी की रॅंगरेजी
246 _aAॅangarejī kī raॅangarejī
260 _aदिल्ली
_b जगतराम एण्ड सन्स
_c1994
300 _a88पृ.
_ccm.
650 _aहिन्दी साहित्य
_9156264
942 _hO152,8N54x, N4
_cTEXL
_2CC
999 _c375958
_d375958